000 00987nam a22002537a 4500
999 _c65493
_d65493
005 20240530110827.0
008 190807s2019 ua f b 000 0 ara d
017 _a2018/16731
_bمصر. دار الكتب
020 _a9789770532263
040 _aEG-CaGPL
_cEG-CaGPL
082 0 4 _221
_a615.85156/
_bم س
100 1 _aمورينو، جاكوب ليفى
245 1 2 _aالسيكودراما =
_bPsychodrama /
_cجاكوب ليفى مورينو ؛ ترجمة وتقديم محمد احمد محمود خطاب
250 1 1 _aPsychodrama
260 _aالقاهرة :
_bمكتبة الانجلو المصرية ،
_c2019.
300 _a171 ص. ؛
_c24 سم.
504 _aيشتمل على ارجاعات ببليوجرافية
650 0 7 _2qrmak
_aالعلاج بالفن
651 _2qrmak
653 0 _aالسيكودراما
700 0 _aمحمد احمد محمود خطاب
_eمترجم ومقدم
942 _2ddc
_cBK